Impossible Quiz! - Statistics

General Stats
  • This quiz has been taken 20 times
  • The average score is 4 of 15
Answer Stats
Hint Answer % Correct
Type The URL code I'm on right now https://www.jetpunk.com/create-quiz/2002064
100%
3+3 6
80%
Yes, Or, No, choose one Or
80%
Say the alphabet backwords. Z Y X W V U T S R Q P O N M L K J I H G F E D C B A
60%
Say My Name My Name
27%
What Clash Royale Arena am I on Boot Camp
7%
What's my school ID 1202010
0%
Name Score of Joan Gamper Trophy in 2018 3-0
0%
Im thinking of a number 1 to A Million 352,182
0%
4th Answer divided by 67 (FULL NUMBER) 5256.44776119
0%
What's my Roblox User HOT_odg6
0%
Free Question Nothing in life is free
0%
What is my last name? Reyes
0%
What am I eating right now Strawberry Shortcake Icecream
0%
Name The Country Im thinking of Uganda
0%
No matching quizzes found
Score Distribution
Percent of People with Each Score
Percentile by Number Answered
Your Score History
You have not taken this quiz